<?xml version="1.0" encoding="UTF-8"?>
<record
    xmlns:xsi="http://www.w3.org/2001/XMLSchema-instance"
    xsi:schemaLocation="http://www.loc.gov/MARC21/slim http://www.loc.gov/standards/marcxml/schema/MARC21slim.xsd"
    xmlns="http://www.loc.gov/MARC21/slim">

  <leader>00333nam a2200145Ia 4500</leader>
  <controlfield tag="008">230719s9999    xx            000 0 und d</controlfield>
  <datafield tag="041" ind1=" " ind2=" ">
    <subfield code="a">eng</subfield>
  </datafield>
  <datafield tag="082" ind1=" " ind2=" ">
    <subfield code="a">813.5'4</subfield>
    <subfield code="b">MCN</subfield>
  </datafield>
  <datafield tag="100" ind1=" " ind2=" ">
    <subfield code="a">McNaught J.</subfield>
  </datafield>
  <datafield tag="245" ind1=" " ind2=" ">
    <subfield code="a"> Kingdom Of Dreams</subfield>
  </datafield>
  <datafield tag="260" ind1=" " ind2=" ">
    <subfield code="c">1989</subfield>
    <subfield code="b">Pocket Books</subfield>
  </datafield>
  <datafield tag="300" ind1=" " ind2=" ">
    <subfield code="a">438</subfield>
  </datafield>
  <datafield tag="365" ind1=" " ind2=" ">
    <subfield code="c">Rs.</subfield>
    <subfield code="b">112.50</subfield>
  </datafield>
  <datafield tag="700" ind1=" " ind2=" ">
    <subfield code="a">McNaught J.</subfield>
  </datafield>
  <datafield tag="999" ind1=" " ind2=" ">
    <subfield code="c">353954</subfield>
    <subfield code="d">353954</subfield>
  </datafield>
  <datafield tag="952" ind1=" " ind2=" ">
    <subfield code="0">0</subfield>
    <subfield code="1">0</subfield>
    <subfield code="4">0</subfield>
    <subfield code="7">0</subfield>
    <subfield code="a">CCEP</subfield>
    <subfield code="b">CCEP</subfield>
    <subfield code="c">Donated Book</subfield>
    <subfield code="d">2012-02-07</subfield>
    <subfield code="e">Masurkar Enterprises</subfield>
    <subfield code="g">112.50</subfield>
    <subfield code="l">3</subfield>
    <subfield code="o">813.5'4</subfield>
    <subfield code="p">CCEP-DB-159</subfield>
    <subfield code="q">2026-04-08</subfield>
    <subfield code="r">2026-03-25 15:49:23</subfield>
    <subfield code="s">2026-03-25</subfield>
    <subfield code="v">112.50</subfield>
    <subfield code="w">2023-07-19</subfield>
    <subfield code="y">BK</subfield>
    <subfield code="z">D00159</subfield>
  </datafield>
</record>
